[Event "FIDE World Youth U16 Chess Olympiad SLOVAKIA 2016"]
[Site "Poprad Tatry SLOVAKIA"]
[Date "2016.07.28"]
[Round "8"]
[Board "2"]
[White "Gray, Euan"]
[Black "Haring, Filip"]
[Result "0-1"]
[WhiteElo "1943"]
[BlackElo "2155"]
[PlyCount "68"]
[EventDate "2016.07.22"]
[EventType "team"]
[EventRounds "9"]
[EventCountry "SVK"]
[WhiteTeam "Scotland"]
[BlackTeam "Slovakia 2"]

1. d4 Nf6 2. c4 e6 3. Nc3 Bb4 4. e3 b6 5. Bd3 Bb7 6. Nf3 O-O 7. O-O c5 8. Na4
cxd4 9. exd4 Re8 10. a3 Bf8 11. b4 d6 12. Bb2 Nbd7 13. Nc3 e5 14. Be2 e4 15.
Nd2 g6 16. Nb3 Rc8 17. a4 e3 18. f3 Nh5 19. g3 Qg5 20. f4 Qh6 21. Bf3 Bxf3 22.
Qxf3 Rxc4 23. Nd5 Rc2 24. Rab1 Nxf4 25. h4 Nh3+ 26. Kh1 Rf2 27. Rxf2 Nxf2+ 28.
Kg2 Nd3 29. Bc3 Bg7 30. Qe2 Qh5 31. Qxd3 Qxd5+ 32. Kh2 Ne5 33. Qe2 Nf3+ 34. Kh3
Qf5+ 0-1

[Event "FIDE World Youth U16 Chess Olympiad SLOVAKIA 2016"]
[Site "Poprad Tatry SLOVAKIA"]
[Date "2016.07.28"]
[Round "8"]
[Board "3"]
[White "Bango, Lukas"]
[Black "Shafi, Declan"]
[Result "0-1"]
[WhiteElo "2109"]
[BlackElo "1841"]
[PlyCount "94"]
[EventDate "2016.07.22"]
[EventType "team"]
[EventRounds "9"]
[EventCountry "SVK"]
[WhiteTeam "Slovakia 2"]
[BlackTeam "Scotland"]

1. e4 e5 2. Nf3 Nc6 3. Bc4 Bc5 4. b4 Bxb4 5. c3 Ba5 6. d4 d6 7. Qb3 Qd7 8. O-O
Bb6 9. Bb5 a6 10. Ba4 Ba7 11. Bxc6 Qxc6 12. dxe5 Be6 13. Qc2 Rd8 14. Bg5 Ne7
15. Nbd2 dxe5 16. Nxe5 Qc5 17. Nef3 Qa3 18. Rab1 b5 19. c4 f6 20. Bf4 c6 21.
Rfe1 O-O 22. Be3 Bxe3 23. Rxe3 Qc5 24. Rc3 Qa7 25. a4 Rb8 26. cxb5 axb5 27.
axb5 Rxb5 28. g3 Rfb8 29. Rxb5 Rxb5 30. Kg2 Qb6 31. Qd3 c5 32. Nc4 Qc7 33. Ra3
Rb8 34. Ra6 Nc6 35. Qc3 Rb4 36. Ncd2 Qc8 37. Ra1 Nd4 38. Nxd4 Rxd4 39. Kg1 Qd8
40. Nf1 c4 41. Qc2 Rd3 42. Ra6 Kf7 43. Qa2 Rd1 44. Ra7+ Kg6 45. h4 Qd3 46. h5+
Kh6 47. Kh2 Qxf1 0-1

[Event "FIDE World Youth U16 Chess Olympiad SLOVAKIA 2016"]
[Site "Poprad Tatry SLOVAKIA"]
[Date "2016.07.28"]
[Round "8"]
[Board "4"]
[White "Volland, Ben"]
[Black "Tomcikova, Dominika"]
[Result "1-0"]
[WhiteElo "1605"]
[BlackElo "1877"]
[PlyCount "115"]
[EventDate "2016.07.22"]
[EventType "team"]
[EventRounds "9"]
[EventCountry "SVK"]
[WhiteTeam "Scotland"]
[BlackTeam "Slovakia 2"]

1. c4 e5 2. Nc3 Nf6 3. g3 d5 4. Bg2 d4 5. Ne4 Nxe4 6. Bxe4 f5 7. Bg2 Be7 8. e4
dxe3 9. fxe3 e4 10. Ne2 Bf6 11. Rb1 Nc6 12. Nc3 Be6 13. b3 Bxc3 14. dxc3 Qxd1+
15. Kxd1 O-O-O+ 16. Kc2 Ne5 17. Bf1 Rd7 18. Be2 Rhd8 19. Rd1 Nd3 20. Bxd3 exd3+
21. Kd2 Bf7 22. Rf1 Bg6 23. Ba3 b6 24. b4 Re7 25. b5 Re4 26. Rf4 Rxf4 27. exf4
Bh5 28. c5 Be2 29. c6 Re8 30. Bb4 Kb8 31. Re1 a5 32. Ba3 Kc8 33. c4 Kd8 34. Rc1
Re4 35. c5 Ra4 36. cxb6 cxb6 37. c7+ Kc8 38. Rc3 Rd4 39. Rc6 Rd5 40. Rxb6 Kxc7
41. Rc6+ Kb7 42. Bc5 Bf3 43. Rb6+ Kc7 44. Be3 Rd8 45. Ra6 Ra8 46. b6+ Kb7 47.
Rxa8 Kxa8 48. Kxd3 a4 49. Kc3 Kb7 50. Kb4 Bc6 51. a3 g6 52. Kc5 h6 53. Kd6 h5
54. Ke7 Bf3 55. Kf6 h4 56. Kxg6 hxg3 57. h3 g2 58. Kxf5 1-0

[Event "FIDE World Youth U16 Chess Olympiad SLOVAKIA 2016"]
[Site "Poprad Tatry SLOVAKIA"]
[Date "2016.07.28"]
[Round "8"]
[Board "1"]
[White "Stabulnieks, Klavs"]
[Black "Giesinger, Elias"]
[Result "1-0"]
[WhiteElo "2099"]
[BlackElo "2051"]
[PlyCount "103"]
[EventDate "2016.07.22"]
[EventType "team"]
[EventRounds "9"]
[EventCountry "SVK"]
[WhiteTeam "Latvia"]
[BlackTeam "Switzerland"]

1. d4 Nf6 2. c4 e6 3. Nc3 Bb4 4. f3 d5 5. a3 Bxc3+ 6. bxc3 c5 7. e3 O-O 8. Bd3
Nc6 9. Ne2 b6 10. cxd5 Nxd5 11. O-O Nde7 12. Qc2 Ng6 13. Rd1 cxd4 14. cxd4 Bb7
15. Qb2 Rc8 16. e4 Qe7 17. Be3 Na5 18. Rac1 Rxc1 19. Rxc1 Rc8 20. Rxc8+ Bxc8
21. Qb4 Kf8 22. Nc3 Qxb4 23. axb4 Nc6 24. b5 Nb4 25. Bc4 Ke8 26. Kf2 Nc2 27. g3
Nxe3 28. Kxe3 Ke7 29. f4 Nf8 30. Na2 Bb7 31. Nb4 Kd6 32. Bd3 h6 33. e5+ Kc7 34.
Be4 Bxe4 35. Kxe4 Nd7 36. g4 Kb7 37. f5 Nf8 38. d5 Kc7 39. h4 g6 40. Nc6 exf5+
41. gxf5 g5 42. hxg5 hxg5 43. f6 a5 44. bxa6 b5 45. a7 Kb7 46. Kf5 g4 47. Kxg4
b4 48. Nxb4 Kxa7 49. Kf5 Kb6 50. e6 fxe6+ 51. dxe6 Kc5 52. e7 1-0

[Event "FIDE World Youth U16 Chess Olympiad SLOVAKIA 2016"]
[Site "Poprad Tatry SLOVAKIA"]
[Date "2016.07.28"]
[Round "8"]
[Board "2"]
[White "Stijve, Theo"]
[Black "Batashevs, Arsens"]
[Result "1-0"]
[WhiteElo "2081"]
[BlackElo "1994"]
[PlyCount "71"]
[EventDate "2016.07.22"]
[EventType "team"]
[EventRounds "9"]
[EventCountry "SVK"]
[WhiteTeam "Switzerland"]
[BlackTeam "Latvia"]

1. e4 c6 2. d4 Na6 3. Nc3 Nc7 4. Nf3 d5 5. h3 dxe4 6. Nxe4 g6 7. Bd3 Bg7 8. c3
Nf6 9. O-O O-O 10. Re1 b6 11. Bg5 Ne6 12. Ne5 Nxe4 13. Nxc6 Qc7 14. Nxe7+ Kh8
15. Bxe4 Bb7 16. Bxb7 Qxb7 17. Qd2 h6 18. Rxe6 fxe6 19. Nxg6+ Kh7 20. Nxf8+
Rxf8 21. Qd3+ Kg8 22. Bh4 Rf5 23. Bg3 h5 24. Re1 Kf7 25. Qe4 Qd7 26. Re3 Bf6
27. Rf3 Kg6 28. Be5 Bxe5 29. g4 hxg4 30. hxg4 Qg7 31. Rxf5 Bf6 32. Qxe6 Kh7 33.
Rxf6 Qg5 34. Rf7+ Kh8 35. Qe8+ Qg8 36. Rf8 1-0

[Event "FIDE World Youth U16 Chess Olympiad SLOVAKIA 2016"]
[Site "Poprad Tatry SLOVAKIA"]
[Date "2016.07.28"]
[Round "8"]
[Board "3"]
[White "Polyakov, Fedor"]
[Black "Meier, Lukas"]
[Result "1-0"]
[WhiteElo "1970"]
[BlackElo "1874"]
[PlyCount "81"]
[EventDate "2016.07.22"]
[EventType "team"]
[EventRounds "9"]
[EventCountry "SVK"]
[WhiteTeam "Latvia"]
[BlackTeam "Switzerland"]

1. d4 Nf6 2. c4 c5 3. d5 b5 4. cxb5 a6 5. b6 e6 6. Nc3 Nxd5 7. Nxd5 exd5 8.
Qxd5 Nc6 9. Nf3 Rb8 10. Ne5 Qf6 11. Nxc6 dxc6 12. Qb3 Bd6 13. Bd2 Be6 14. Qc3
Be7 15. Qg3 O-O 16. Bc3 Qh6 17. e3 Rxb6 18. Bd3 Bf6 19. O-O Bxc3 20. bxc3 Qf6
21. Qc7 Rfb8 22. Rab1 Rxb1 23. Bxb1 Rc8 24. Qa5 Bc4 25. Rd1 Bb5 26. a4 Bc4 27.
Qxc5 Bb3 28. Rd4 Rd8 29. Qb6 Bd5 30. c4 Rc8 31. cxd5 cxd5 32. Qb2 g6 33. Bd3 a5
34. Bf1 Qc6 35. Qd2 Qb6 36. Rxd5 Ra8 37. Qd4 Qc7 38. Rd7 Qb8 39. Qd5 Qf8 40. g3
Qe8 41. Bc4 1-0

[Event "FIDE World Youth U16 Chess Olympiad SLOVAKIA 2016"]
[Site "Poprad Tatry SLOVAKIA"]
[Date "2016.07.28"]
[Round "8"]
[Board "4"]
[White "Tamrazyan, Gohar"]
[Black "Limanovska, Elizabete"]
[Result "0-1"]
[WhiteElo "1651"]
[BlackElo "1929"]
[PlyCount "118"]
[EventDate "2016.07.22"]
[EventType "team"]
[EventRounds "9"]
[EventCountry "SVK"]
[WhiteTeam "Switzerland"]
[BlackTeam "Latvia"]

1. e4 c5 2. c3 Nf6 3. e5 Nd5 4. d4 cxd4 5. Nf3 d6 6. cxd4 e6 7. Bc4 Be7 8. O-O
O-O 9. Qe2 Nb6 10. Bb3 Nc6 11. Nc3 d5 12. Be3 Bd7 13. Rac1 Rc8 14. a3 Re8 15.
Rfe1 Na5 16. Bc2 Nac4 17. Qd3 g6 18. Rb1 Qc7 19. Bd2 Nxd2 20. Qxd2 Nc4 21. Qc1
Nxa3 22. bxa3 Qxc3 23. Rxb7 Qxc2 24. Qxc2 Rxc2 25. Rxd7 a5 26. Ra1 Bxa3 27. g3
Bb4 28. Ra7 Rec8 29. Ng5 R8c7 30. Ra8+ Kg7 31. Kg2 h6 32. Nf3 Rb2 33. Ng1 Rcc2
34. Nh3 Bc3 35. Rd1 Ra2 36. Ra7 g5 37. Kg1 a4 38. Kh1 a3 39. Kg1 Bb4 40. Kh1
Rab2 41. Kg2 a2 42. Ra1 Bc3 43. Kf3 Bxd4 44. Ra3 Bxf2 45. Nxf2 Rxf2+ 46. Ke3
Rxh2 47. Kd4 Kg6 48. Ra7 h5 49. Kc5 Rhc2+ 50. Kd4 Rd2+ 51. Kc3 d4+ 52. Kc4 Kf5
53. Rxf7+ Ke4 54. Kc5 Rb1 55. Rf1 Rxa1 56. Rxa1 Kxe5 57. Re1+ Kf5 58. Rf1+ Kg4
59. Kd6 d3 0-1

[Event "FIDE World Youth U16 Chess Olympiad SLOVAKIA 2016"]
[Site "Poprad Tatry SLOVAKIA"]
[Date "2016.07.28"]
[Round "8"]
[Board "1"]
[White "Su, Zijin"]
[Black "Wolmarans, Riekie"]
[Result "1/2-1/2"]
[WhiteElo "1628"]
[BlackElo "1429"]
[PlyCount "34"]
[EventDate "2016.07.22"]
[EventType "team"]
[EventRounds "9"]
[EventCountry "SVK"]
[WhiteTeam "China 2"]
[BlackTeam "South Africa 3"]

1. e4 c5 2. Nf3 d6 3. d3 Nf6 4. g3 g6 5. Bg2 Nc6 6. Nbd2 Bg7 7. c3 O-O 8. O-O
Bg4 9. h3 Bd7 10. Nh4 b5 11. f4 e6 12. Qe1 Rb8 13. g4 Ne7 14. Kh1 Bc6 15. f5
exf5 16. exf5 Bxg2+ 17. Kxg2 Re8 1/2-1/2

[Event "FIDE World Youth U16 Chess Olympiad SLOVAKIA 2016"]
[Site "Poprad Tatry SLOVAKIA"]
[Date "2016.07.28"]
[Round "8"]
[Board "2"]
[White "Kara, Zahra"]
[Black "Peng, Shunkai"]
[Result "0-1"]
[WhiteElo "1335"]
[BlackElo "1944"]
[PlyCount "102"]
[EventDate "2016.07.22"]
[EventType "team"]
[EventRounds "9"]
[EventCountry "SVK"]
[WhiteTeam "South Africa 3"]
[BlackTeam "China 2"]

1. e4 c5 2. Nf3 a6 3. d4 cxd4 4. Nxd4 Nf6 5. Nc3 e5 6. Nb3 Bb4 7. f3 d5 8. exd5
Nxd5 9. Bd2 Bxc3 10. Bxc3 O-O 11. Qd2 Nc6 12. Bc4 Qh4+ 13. g3 Qxc4 14. O-O-O
Be6 15. Rhe1 Nxc3 16. Qxc3 Qxc3 17. bxc3 Bxb3 18. cxb3 Rad8 19. Kc2 Rxd1 20.
Rxd1 Rd8 21. Re1 f6 22. g4 Kf7 23. h3 Ne7 24. h4 Ng6 25. h5 Nf4 26. Re3 g6 27.
hxg6+ hxg6 28. a3 Rh8 29. b4 Rh2+ 30. Kb3 Ke7 31. Re4 b5 32. c4 Re2 33. Rxe2
Nxe2 34. cxb5 axb5 35. a4 Nd4+ 36. Ka3 bxa4 37. Kxa4 Kd6 38. Ka5 Kc7 39. b5 Kb7
40. b6 Nxf3 41. Kb5 Nh2 42. g5 fxg5 43. Kc5 g4 44. Kb5 g3 45. Kc5 g2 46. Kb5
Nf3 47. Ka5 g1=Q 48. Kb5 Qd4 49. Ka5 Qxb6+ 50. Ka4 Nd4 51. Ka3 Qb3# 0-1

[Event "FIDE World Youth U16 Chess Olympiad SLOVAKIA 2016"]
[Site "Poprad Tatry SLOVAKIA"]
[Date "2016.07.28"]
[Round "8"]
[Board "3"]
[White "Yang, Zicheng"]
[Black "Du Plessis, Anika"]
[Result "0-1"]
[WhiteElo "1442"]
[BlackElo "1248"]
[PlyCount "48"]
[EventDate "2016.07.22"]
[EventType "team"]
[EventRounds "9"]
[EventCountry "SVK"]
[WhiteTeam "China 2"]
[BlackTeam "South Africa 3"]

1. e4 d5 2. exd5 Qxd5 3. Nc3 Qd6 4. d4 c6 5. Nf3 Bg4 6. Be2 Nf6 7. Be3 e6 8. h3
Bh5 9. Qd2 Qc7 10. Ne5 Bxe2 11. Qxe2 Bb4 12. Bd2 O-O 13. g4 Nbd7 14. g5 Nd5 15.
f4 Rad8 16. Ne4 Nxf4 17. Qg4 Bxd2+ 18. Nxd2 Nxe5 19. dxe5 Qxe5+ 20. Kd1 Qd4 21.
Rh2 Qxb2 22. Rc1 Qe5 23. Rf2 Nd5 24. Qf3 Nc3+ 0-1

[Event "FIDE World Youth U16 Chess Olympiad SLOVAKIA 2016"]
[Site "Poprad Tatry SLOVAKIA"]
[Date "2016.07.28"]
[Round "8"]
[Board "4"]
[White "Van Heerden, Lara"]
[Black "Liu, Suhui"]
[Result "1/2-1/2"]
[WhiteElo "1259"]
[BlackElo "1594"]
[PlyCount "57"]
[EventDate "2016.07.22"]
[EventType "team"]
[EventRounds "9"]
[EventCountry "SVK"]
[WhiteTeam "South Africa 3"]
[BlackTeam "China 2"]

1. e4 c5 2. Nf3 Nc6 3. Bc4 d6 4. h3 Nf6 5. d3 e6 6. Bb3 Be7 7. Nc3 a6 8. a4 O-O
9. O-O Nd4 10. Nxd4 cxd4 11. Ne2 e5 12. Re1 Nd7 13. c3 dxc3 14. bxc3 Nc5 15.
Bc2 Bh4 16. d4 Nd7 17. Rb1 Qf6 18. Be3 Qg6 19. Kh1 Nf6 20. Ng1 Nxe4 21. Rf1 f5
22. Bd2 Nxf2+ 23. Rxf2 Bxf2 24. Qf3 Bh4 25. Rf1 e4 26. Bxe4 Rb8 27. g4 Rf6 28.
gxf5 Qe8 29. Qg4 1/2-1/2

[Event "FIDE World Youth U16 Chess Olympiad SLOVAKIA 2016"]
[Site "Poprad Tatry SLOVAKIA"]
[Date "2016.07.28"]
[Round "8"]
[Board "1"]
[White "Ng, Chung Lok Andrew"]
[Black "Holly, Andrej"]
[Result "1-0"]
[WhiteElo "1648"]
[BlackElo "1783"]
[PlyCount "67"]
[EventDate "2016.07.22"]
[EventType "team"]
[EventRounds "9"]
[EventCountry "SVK"]
[WhiteTeam "Hong Kong"]
[BlackTeam "Slovakia LSS B"]

1. e4 c5 2. Nc3 Nc6 3. g3 d6 4. Bg2 g6 5. d3 Bg7 6. Be3 Nf6 7. h3 Bd7 8. Qd2
O-O 9. Nge2 Rb8 10. O-O b5 11. Bh6 b4 12. Nd1 a5 13. Bxg7 Kxg7 14. f4 Qb6 15.
Kh2 Nd4 16. Nxd4 cxd4 17. f5 Rfc8 18. g4 Qc5 19. Rc1 a4 20. c4 dxc3 21. bxc3 b3
22. d4 Qa5 23. axb3 axb3 24. g5 Ne8 25. Qf4 gxf5 26. exf5 Qa2 27. f6+ exf6 28.
gxf6+ Kg8 29. Qg5+ Kh8 30. Qh6 Nxf6 31. Qxf6+ Kg8 32. Qxf7+ Kh8 33. Qf6+ Kg8
34. Rf3 1-0

[Event "FIDE World Youth U16 Chess Olympiad SLOVAKIA 2016"]
[Site "Poprad Tatry SLOVAKIA"]
[Date "2016.07.28"]
[Round "8"]
[Board "2"]
[White "Sromovska, Livia"]
[Black "Deng, Yu Dong Michael"]
[Result "0-1"]
[WhiteElo "1631"]
[BlackElo "1682"]
[PlyCount "54"]
[EventDate "2016.07.22"]
[EventType "team"]
[EventRounds "9"]
[EventCountry "SVK"]
[WhiteTeam "Slovakia LSS B"]
[BlackTeam "Hong Kong"]

1. c4 e5 2. Nc3 Nf6 3. g3 d5 4. cxd5 Nxd5 5. Qb3 Nb6 6. Bg2 Nc6 7. Qb5 Bd6 8.
Bxc6+ bxc6 9. Qxc6+ Bd7 10. Qf3 O-O 11. d3 f5 12. a4 a5 13. e3 Qe8 14. Qd1 Bc6
15. e4 fxe4 16. dxe4 Bb4 17. Qb3+ Kh8 18. f3 Bxa4 19. Qa2 Bb5 20. Bd2 Rd8 21.
b3 Rd3 22. Rc1 Qd7 23. h4 Rd8 24. Rh2 Bxc3 25. Bxc3 Rd1+ 26. Rxd1 Qxd1+ 27. Kf2
Qf1+ 0-1

[Event "FIDE World Youth U16 Chess Olympiad SLOVAKIA 2016"]
[Site "Poprad Tatry SLOVAKIA"]
[Date "2016.07.28"]
[Round "8"]
[Board "3"]
[White "Oh, Benjamin Yao Teng"]
[Black "Taragelova, Martina"]
[Result "1-0"]
[WhiteElo "1687"]
[BlackElo "1626"]
[PlyCount "99"]
[EventDate "2016.07.22"]
[EventType "team"]
[EventRounds "9"]
[EventCountry "SVK"]
[WhiteTeam "Hong Kong"]
[BlackTeam "Slovakia LSS B"]

1. e4 e5 2. Nf3 Nc6 3. Bb5 a6 4. Ba4 Nf6 5. d4 exd4 6. O-O Be7 7. e5 Nd5 8.
Nxd4 Nb6 9. Nxc6 bxc6 10. Bb3 O-O 11. Nc3 d5 12. exd6 cxd6 13. Bf4 d5 14. Na4
Bf6 15. c3 Bf5 16. Nxb6 Qxb6 17. Be3 Qc7 18. Bd4 Be7 19. Qf3 Bg6 20. Rfd1 Bd6
21. h3 Rfe8 22. Re1 Rab8 23. Rxe8+ Rxe8 24. Qd1 Qe7 25. Ba4 Qb7 26. Qb3 Qxb3
27. axb3 Rc8 28. b4 Bd3 29. Bc5 Be5 30. Re1 f6 31. g3 Be4 32. Bd1 Ra8 33. Ba4
Rc8 34. Bb3 Bf3 35. Re3 Bh5 36. f4 Bb8 37. Ba4 Bf7 38. Kg2 Bg6 39. Re6 Be8 40.
Kf3 Bd7 41. Re1 Bf5 42. Kf2 Be4 43. Bd1 f5 44. Be2 Bc7 45. Ra1 Ra8 46. Rxa6
Rxa6 47. Bxa6 Kf7 48. Bb7 Ke6 49. Bxc6 Bd6 50. Bd4 1-0

[Event "FIDE World Youth U16 Chess Olympiad SLOVAKIA 2016"]
[Site "Poprad Tatry SLOVAKIA"]
[Date "2016.07.28"]
[Round "8"]
[Board "4"]
[White "Datelova, Daniela"]
[Black "Deng, Jing Xin Crystal"]
[Result "0-1"]
[WhiteElo "1272"]
[BlackElo "1653"]
[PlyCount "50"]
[EventDate "2016.07.22"]
[EventType "team"]
[EventRounds "9"]
[EventCountry "SVK"]
[WhiteTeam "Slovakia LSS B"]
[BlackTeam "Hong Kong"]

1. d4 d5 2. Nf3 Nf6 3. e3 e6 4. Bd3 Be7 5. b3 O-O 6. Bb2 Nbd7 7. Nbd2 b6 8. O-O
Bb7 9. Ne5 c5 10. f4 cxd4 11. exd4 Rc8 12. Rf3 Ne4 13. Rh3 Ndf6 14. Nxe4 dxe4
15. Bc4 a6 16. a4 Qc7 17. Qe2 b5 18. axb5 axb5 19. Bxb5 Qxc2 20. Qxc2 Rxc2 21.
Ba3 Ra8 22. Ba4 Bxa3 23. Rxa3 e3 24. Nf3 Rc1+ 25. Ne1 Rxe1# 0-1

[Event "FIDE World Youth U16 Chess Olympiad SLOVAKIA 2016"]
[Site "Poprad Tatry SLOVAKIA"]
[Date "2016.07.28"]
[Round "8"]
[Board "1"]
[White "Kostolansky, Sebastian Lukas"]
[Black "Ieong, Seak Hin"]
[Result "1/2-1/2"]
[WhiteElo "1962"]
[BlackElo "1726"]
[PlyCount "142"]
[EventDate "2016.07.22"]
[EventType "team"]
[EventRounds "9"]
[EventCountry "SVK"]
[WhiteTeam "Slovakia BSZ"]
[BlackTeam "Macau"]

1. e4 e5 2. Nf3 Nc6 3. Bb5 a6 4. Ba4 Nf6 5. d3 b5 6. Bb3 Bc5 7. O-O O-O 8. c3
Bb6 9. Nbd2 d6 10. h3 Na5 11. Bc2 c5 12. Re1 Qc7 13. Nf1 h6 14. Ng3 Re8 15. Nh4
Nc6 16. Qf3 Kh7 17. Nhf5 Ng8 18. Nh5 Bxf5 19. exf5 Nce7 20. f6 gxf6 21. Nxf6+
Nxf6 22. Qxf6 Ng6 23. Qf5 Qe7 24. Bb3 Ra7 25. Bd5 Bd8 26. Bc6 Rg8 27. Re4 Qf6
28. Qxf6 Bxf6 29. a4 Ne7 30. axb5 Nxc6 31. bxc6 Rc8 32. Rea4 Rxc6 33. Be3 Bg5
34. Bxg5 hxg5 35. Kf1 Rb6 36. b4 cxb4 37. cxb4 Kg7 38. Ke2 Kf6 39. Kd2 Ke6 40.
Kc3 Rc7+ 41. Kb3 Rcb7 42. Kc3 Rc7+ 43. Kd2 Rcb7 44. Rxa6 Rxb4 45. Rc1 Rd4 46.
Rc4 Rb2+ 47. Ke3 Rxc4 48. dxc4 Rc2 49. Ra4 f5 50. Rb4 f4+ 51. Kf3 Kf5 52. g4+
Ke6 53. Ra4 Rc3+ 54. Kg2 e4 55. Ra5 Rxc4 56. Rxg5 d5 57. Rg8 Rc7 58. Rd8 Rd7
59. Rxd7 Kxd7 60. Kf1 Ke6 61. h4 Kf6 62. Ke2 f3+ 63. Kd2 d4 64. h5 Kg5 65. Kd1
e3 66. Ke1 Kh6 67. fxe3 dxe3 68. Kf1 Kg5 69. Ke1 Kxg4 70. h6 f2+ 71. Ke2 Kg3
 1/2-1/2

[Event "FIDE World Youth U16 Chess Olympiad SLOVAKIA 2016"]
[Site "Poprad Tatry SLOVAKIA"]
[Date "2016.07.28"]
[Round "8"]
[Board "2"]
[White "Kou, Seong Kei"]
[Black "Sandor, Martin"]
[Result "0-1"]
[WhiteElo "1398"]
[BlackElo "1763"]
[PlyCount "82"]
[EventDate "2016.07.22"]
[EventType "team"]
[EventRounds "9"]
[EventCountry "SVK"]
[WhiteTeam "Macau"]
[BlackTeam "Slovakia BSZ"]

1. Nf3 d5 2. e3 Nf6 3. b3 g6 4. Bb2 Bg7 5. Be2 O-O 6. O-O c5 7. d3 b6 8. Nbd2
Bb7 9. Ne5 Nbd7 10. f4 Nxe5 11. Bxe5 e6 12. Nf3 Nd7 13. Bxg7 Kxg7 14. Qc1 Qe7
15. Qb2+ Kg8 16. a4 a6 17. Rfb1 Rfb8 18. c4 f6 19. b4 a5 20. bxc5 bxc5 21. Qc2
Bc6 22. Bd1 Qd6 23. d4 dxc4 24. Qxc4 Bd5 25. Qd3 c4 26. Qc3 Rb4 27. Ne1 Rab8
28. Rxb4 Qxb4 29. Qxb4 axb4 30. Bc2 b3 31. Bb1 f5 32. Kf2 c3 33. Ke2 Nf6 34. a5
Bc4+ 35. Kd1 Ng4 36. Bd3 Nf2+ 37. Ke2 Nxd3 38. Nxd3 Bxd3+ 39. Kxd3 c2 40. a6 b2
41. a7 Ra8 0-1

[Event "FIDE World Youth U16 Chess Olympiad SLOVAKIA 2016"]
[Site "Poprad Tatry SLOVAKIA"]
[Date "2016.07.28"]
[Round "8"]
[Board "3"]
[White "Petrek, David"]
[Black "Ip, Seng Tou"]
[Result "1/2-1/2"]
[WhiteElo "1548"]
[BlackElo "1564"]
[PlyCount "57"]
[EventDate "2016.07.22"]
[EventType "team"]
[EventRounds "9"]
[EventCountry "SVK"]
[WhiteTeam "Slovakia BSZ"]
[BlackTeam "Macau"]

1. e4 e5 2. Nf3 Nc6 3. d4 exd4 4. Bc4 Bc5 5. c3 Nf6 6. cxd4 Bb4+ 7. Bd2 Bxd2+
8. Nbxd2 d5 9. exd5 Nxd5 10. O-O O-O 11. Re1 Nb6 12. Bb3 Nxd4 13. Nxd4 Qxd4 14.
Qc2 c6 15. Rad1 Bg4 16. Nf3 Qf6 17. Re3 Rfe8 18. Rde1 Rxe3 19. Rxe3 Bxf3 20.
Rxf3 Qe7 21. Bxf7+ Kh8 22. h3 Rd8 23. Bb3 Nd5 24. Qf5 h6 25. Qf7 Qe1+ 26. Kh2
Qe5+ 27. Kg1 Qe1+ 28. Kh2 Qe5+ 29. Kg1 1/2-1/2

[Event "FIDE World Youth U16 Chess Olympiad SLOVAKIA 2016"]
[Site "Poprad Tatry SLOVAKIA"]
[Date "2016.07.28"]
[Round "8"]
[Board "4"]
[White "Ip, Weng Tou"]
[Black "Fajtakova, Silvia"]
[Result "1-0"]
[WhiteElo "1490"]
[BlackElo "1177"]
[PlyCount "87"]
[EventDate "2016.07.22"]
[EventType "team"]
[EventRounds "9"]
[EventCountry "SVK"]
[WhiteTeam "Macau"]
[BlackTeam "Slovakia BSZ"]

1. e4 e5 2. Nf3 Nc6 3. Bb5 a6 4. Bxc6 dxc6 5. O-O Be6 6. Nc3 Bd6 7. d4 exd4 8.
Nxd4 Bc4 9. Re1 Ne7 10. Be3 Qd7 11. Rb1 O-O-O 12. f4 Bc5 13. Nf5 Bxe3+ 14. Nxe3
Qe6 15. Qg4 Qxg4 16. Nxg4 f6 17. Rbd1 Rxd1 18. Rxd1 b5 19. b3 Be6 20. Nf2 f5
21. e5 h6 22. Nd3 g5 23. Nc5 Bf7 24. fxg5 hxg5 25. Nxa6 Ng6 26. Re1 Kb7 27.
Nc5+ Kb6 28. b4 f4 29. e6 Be8 30. N3e4 g4 31. Rd1 Ne7 32. Rd8 Ka7 33. Nf6 g3
34. hxg3 fxg3 35. Rxe8 Rh4 36. Rxe7 Kb6 37. c3 Rf4 38. Nfd7+ Ka7 39. Rf7 Rg4
40. e7 Rg8 41. Nf6 Rh8 42. Rf8 Rxf8 43. exf8=Q Kb6 44. Qb8# 1-0

[Event "FIDE World Youth U16 Chess Olympiad SLOVAKIA 2016"]
[Site "Poprad Tatry SLOVAKIA"]
[Date "2016.07.28"]
[Round "8"]
[Board "2"]
[White "Hrymowicz, Artur"]
[Black "De Jager, Luan"]
[Result "1/2-1/2"]
[WhiteElo "1744"]
[BlackElo "1766"]
[PlyCount "78"]
[EventDate "2016.07.22"]
[EventType "team"]
[EventRounds "9"]
[EventCountry "SVK"]
[WhiteTeam "Poland 2 - Warmia - Mazury"]
[BlackTeam "South Africa 1"]

1. e4 c5 2. Nf3 Nc6 3. d4 cxd4 4. Nxd4 Nf6 5. Nc3 e5 6. Ndb5 d6 7. Bg5 a6 8.
Na3 b5 9. Bxf6 gxf6 10. Nd5 Bg7 11. c3 f5 12. exf5 Bxf5 13. Nc2 Bg6 14. Nce3
O-O 15. h4 h6 16. g4 Ne7 17. Bd3 Nxd5 18. Nxd5 Rc8 19. Bxg6 fxg6 20. Qc2 e4 21.
O-O-O Re8 22. h5 Re5 23. hxg6 Qg5+ 24. Ne3 Qxg6 25. Kb1 Kh7 26. Nf5 d5 27. Qd2
e3 28. fxe3 Rc4 29. Ka1 Rxg4 30. Nxg7 Kxg7 31. Qh2 Rgg5 32. Qf4 Ref5 33. Qd4+
Qf6 34. Qa7+ Kg6 35. Qd7 Qf7 36. Qd8 h5 37. a3 Qf6 38. Qd7 Qf7 39. Qd8 Qf6
 1/2-1/2

[Event "FIDE World Youth U16 Chess Olympiad SLOVAKIA 2016"]
[Site "Poprad Tatry SLOVAKIA"]
[Date "2016.07.28"]
[Round "8"]
[Board "3"]
[White "Agulhas, Keegan"]
[Black "Daliga, Anita"]
[Result "1/2-1/2"]
[WhiteElo "1716"]
[BlackElo "1703"]
[PlyCount "106"]
[EventDate "2016.07.22"]
[EventType "team"]
[EventRounds "9"]
[EventCountry "SVK"]
[WhiteTeam "South Africa 1"]
[BlackTeam "Poland 2 - Warmia - Mazury"]

1. e4 e5 2. Nf3 Nc6 3. Bb5 a6 4. Ba4 Bc5 5. O-O Nf6 6. Qe2 b5 7. Bb3 O-O 8. c3
d6 9. d3 h6 10. Be3 Ba7 11. Bxa7 Rxa7 12. Rd1 Re8 13. Nbd2 Ne7 14. d4 Ng6 15.
dxe5 Nxe5 16. Nxe5 Rxe5 17. f4 Re8 18. Qf2 Ra8 19. e5 Nh7 20. Bd5 Rb8 21. Nf3
Bb7 22. exd6 cxd6 23. Bxb7 Rxb7 24. Re1 Rbe7 25. Rxe7 Rxe7 26. Rd1 Nf6 27. Qd4
d5 28. Ne5 Qc7 29. h3 Re6 30. Rd2 Qb6 31. Qxb6 Rxb6 32. Rd4 Rd6 33. Kf2 Nd7 34.
Nxd7 Rxd7 35. Ke3 Kf8 36. a4 Ke7 37. axb5 axb5 38. Rb4 Rb7 39. Kd4 Kd6 40. b3
Kc6 41. c4 dxc4 42. bxc4 bxc4 43. Rxb7 Kxb7 44. Kxc4 Kc6 45. Kd4 Kd6 46. f5 g6
47. Ke4 g5 48. g4 f6 49. Kd4 Kc6 50. Kc4 Kd6 51. Kb5 Kd5 52. Kb6 Kd6 53. Kb5
Kd5 1/2-1/2

[Event "FIDE World Youth U16 Chess Olympiad SLOVAKIA 2016"]
[Site "Poprad Tatry SLOVAKIA"]
[Date "2016.07.28"]
[Round "8"]
[Board "4"]
[White "Zarebska, Lena"]
[Black "Joubert, Dantelle"]
[Result "1-0"]
[WhiteElo "1406"]
[BlackElo "1453"]
[PlyCount "95"]
[EventDate "2016.07.22"]
[EventType "team"]
[EventRounds "9"]
[EventCountry "SVK"]
[WhiteTeam "Poland 2 - Warmia - Mazury"]
[BlackTeam "South Africa 1"]

1. e4 e5 2. f4 exf4 3. Nf3 d6 4. Bc4 g6 5. O-O Bg7 6. d4 Nc6 7. Bxf4 Nf6 8. Nc3
O-O 9. Qe1 Bg4 10. Rd1 Re8 11. Ng5 Re7 12. Rd2 Qf8 13. h3 Bd7 14. Nd5 Nxd5 15.
Bxd5 Bxd4+ 16. Be3 Bxe3+ 17. Qxe3 Ne5 18. Rdf2 Be8 19. Qb3 Rb8 20. a4 a5 21.
Rf4 h6 22. Ne6 Rxe6 23. Bxe6 Qe7 24. Bd5 g5 25. Rf5 c6 26. Bc4 d5 27. exd5 Qc5+
28. Kh1 Nxc4 29. Qc3 Qb4 30. Qf6 Qd6 31. Qd4 Qb4 32. c3 Qxa4 33. Re1 cxd5 34.
Qxd5 Qc6 35. Qd4 Qa4 36. b4 Nb2 37. Rxa5 Qc2 38. Rae5 Bc6 39. R5e2 Qf5 40. Rxb2
Qxh3+ 41. Kg1 Qg3 42. Re3 Qc7 43. Rbe2 Bb5 44. Re1 Rd8 45. Qf6 Rf8 46. Qxh6 f6
47. Re7 Qb6+ 48. Kh1 1-0